Fire and Ice Quiz Stats

 Plays Quiz Updated Mar 13, 2012

Challenge
Share
Tweet
Embed
Score 0/30 Timer 07:00
0 Plays Today
Hint Answer % Correct
IceIce Cream
95%
IceIceland
95%
IceVanilla Ice
87.4%
IceIce Age
79%
FireFirefox
77.7%
IceIceman
77.4%
IceIce Cube
75.8%
IceIce-T
75.6%
FireHarry Potter & the Goblet of Fire
73.9%
IceDry Ice
68.9%
FireFirestone Tires
68.2%
FireFirewall
60.9%
IceMiracle on Ice
58.8%
FireWe Didn't Start The Fire
54%
IceIce Capades
53.3%
Hint Answer % Correct
IceFire and Ice
51.4%
FireFire and Ice
51.4%
FireEarth Wind and Fire
45.9%
FireMan on Fire
43%
IceCold as Ice
38.9%
IceIce Road Truckers
38.7%
FireFire and Rain
36.3%
FireFirefly
32.6%
FireSt Elmo's Fire
32.4%
FireFirestarter
28.3%
FireChariots of Fire
15.3%
FireIn the Line of Fire
14.6%
IceIce Castles
9.8%
FireBonfire of the Vanities
8.4%
IceThe Ice Harvest
5.4%

You're not logged in!

Compare scores with friends on all Sporcle quizzes.
Join for Free
OR
Log In

You Might Also Like...

Show Comments

Extras

Top Quizzes Today


Score Distribution

Your Account Isn't Verified!

In order to create a playlist on Sporcle, you need to verify the email address you used during registration. Go to your Sporcle Settings to finish the process.

Report this User

Report this user for behavior that violates our Community Guidelines.

Details: